00321nam a22001097a 450000500170000000800410001702000150005805000200007310000170009324500430011026000580015320260424145236.0260424b |||||||| |||| 00| 0 eng d a8174730419 aPR4747b.A1 HAR aHardy Thomas aThe Return of The NativecThomas Hardy aNew DelhibA.I.T.B.S. Publishers & Distributorsc2003